Испытание микроэлектродвигателей в переходных режимах

Бібліографічні деталі
Автор: Потапов Л. А. Леонид Алексеевич
Інші автори: Зотин В. Ф. Виталий Федорович
Мова:Російська
Опубліковано: Москва, Энергоатомиздат, 1986
Предмети:
Формат: Книга
KOHA link:https://koha.lib.tpu.ru/cgi-bin/koha/opac-detail.pl?biblionumber=51786

MARC

LEADER 00000nam0a2200000 4500
001 51786
005 20231031040801.0
035 |a (RuTPU)RU\TPU\book\54213 
090 |a 51786 
100 |a 20030508d1986 k y0rusy50 ca 
101 0 |a rus 
102 |a RU 
105 |a a z 001zy 
200 1 |a Испытание микроэлектродвигателей в переходных режимах  |f Л. А. Потапов, В. Ф. Зотин 
210 |a Москва  |c Энергоатомиздат  |d 1986 
215 |a 105 с.  |c ил. 
320 |a Библиогр.: с. 104-105 
610 1 |a микроэлектродвигатели 
610 1 |a электродвигатели 
610 1 |a переходные режимы 
610 1 |a роторы 
610 1 |a вращающие моменты 
610 1 |a измерения 
610 1 |a испытания 
675 |a 621.313.13  |v 3 
700 1 |a Потапов  |b Л. А.  |g Леонид Алексеевич 
701 1 |a Зотин  |b В. Ф.  |g Виталий Федорович 
801 1 |a RU  |b 63413507  |c 20030508  |g PSBO 
801 2 |a RU  |b 63413507  |c 20141218  |g PSBO 
942 |c BK